[Event "Candidates FIDE m2"]
[Site "Wijk aan Zee"]
[Date "1994.??.??"]
[Round "3"]
[White "Anand, Viswanathan"]
[Black "Jussupow, Artur"]
[Result "1-0"]
[WhiteElo "2715"]
[BlackElo "2665"]
[Annotator "Anand,V"]
[PlyCount "83"]
[EventDate "1994.01.16"]
[EventType "match"]
[EventRounds "7"]
[EventCountry "NED"]
[SourceTitle "CBM 039"]
[Source "ChessBase"]
[SourceDate "1994.04.01"]
[SourceVersion "1"]
[SourceVersionDate "1994.04.01"]
[SourceQuality "1"]

1. e4 {Wolff} e5 2. Nf3 Nc6 3. Bb5 a6 4. Ba4 d6 5. c3 {Having achieved nothing
in the 1st game with 5.Bxc6+ we prepared this line and found some interesting
ideas} (5. Bxc6+ {Wolff} bxc6 6. d4 f6 7. Nc3 Ne7 8. Be3 Ng6 9. Qe2 Be7 10.
O-O-O Bd7 11. h4 h5 12. Ne1 Qb8 13. g3 Qb4 14. f3 Rb8 15. Nd3 Qc4 16. dxe5 Nxe5
17. Bd2 O-O 18. b3 Nxd3+ 19. Qxd3 Qxd3 20. cxd3 $10 {Anand,V-Yusupov,A Wijk
aan Zee (1) 1993}) 5... Bd7 6. d4 Nge7 7. Be3 $1 (7. Bb3 h6 8. Nbd2 Ng6 9. Nc4
Be7 {The main line}) 7... h6 8. Nbd2 (8. d5 $5 {Wolff} Nb8 9. Bxd7+ Nxd7 10. c4
$14) 8... g5 $6 (8... Ng6 $5) (8... g6) 9. dxe5 $1 {White gains little by
keeping the central tension and Black may have the option of exd4 at some point
} dxe5 (9... Nxe5 $6 10. Nxe5 dxe5 11. Nf3 $16) 10. h4 $1 (10. Nf1 Ng6 11. Ng3
Nf4 12. O-O Bd6 $1 {/\ g4,h5 Qf6}) (10. O-O Ng6 11. Bb3 g4 12. Ne1 h5 $13)
10... g4 11. Nh2 h5 12. Nhf1 Ng6 13. g3 $1 {Now Black's kingside is
permanently weak} Be7 14. Bc2 $1 {/\ Nb3,Nfd2,Qe2} Be6 (14... O-O $5 {Wolff}
15. Bh6 $140 Re8 16. Ne3 Kh7) 15. Bb3 $1 (15. Nb3 Qxd1+ 16. Rxd1 f6 {/\ Kf7})
15... Qd7 16. Bxe6 Qxe6 17. Qb3 $1 {The endgame is very pleasant for white
since Black has a lot of static weaknesses} Qxb3 18. axb3 O-O 19. b4 b5 $2 (
19... f6 20. Nb3 Kf7 21. Nfd2 Ke6 22. Ke2 $16 {/\ Nc4,Rfd1}) (19... a5 $1 20.
b5 (20. bxa5 Rxa5 21. Rxa5 Nxa5 22. b4 Nc6 23. Nb3 Ra8 24. Nfd2 Ra2 $132) 20...
Nb8 (20... Na7 21. Bxa7 $1 (21. Rxa5 b6 $10) 21... Rxa7 22. Ne3 $16) 21. Nc4 (
21. b4 $1 {Wolff} a4 22. Nc4 $16) 21... b6 22. Nfd2 (22. b4 Nd7 23. bxa5 bxa5
$44) (22. Bc1 Nd7 23. Nfe3 Nc5 24. Nd5 Bd8 $132) 22... Nd7 23. Ke2 Rfc8 $14)
20. Nb3 a5 $8 (20... Rfd8 21. Nfd2 Bd6 22. Ke2 Kf8 23. Ra2 $1 $18) 21. Nxa5
Nxa5 (21... Bxb4 22. cxb4 Nxb4 23. Ke2 Nc2 24. Nd2 $18) 22. bxa5 c5 (22... Ra6
{Wolff} 23. Nd2 Rfa8 24. b4 c5 25. Rb1 $18) 23. Nd2 Ra6 24. Nb3 $1 (24. c4 Rb8
$1 25. Ke2 Nf8 26. Rhc1 Ne6 27. cxb5 Rxb5 28. Nc4 Nd4+ 29. Bxd4 cxd4 $14) 24...
Rc8 (24... c4 25. Nc5 Bxc5 (25... Rc6 26. Nd7 Rd8 27. Nb6 $18) 26. Bxc5 Rfa8
27. Bb4 $18) 25. Ke2 {! Wolff} (25. c4 {Wolff} Rb8 (25... bxc4 26. Nd2 Rb8 27.
Nxc4 Rb4 28. Rc1 Nf8 29. O-O Ne6 30. Rfd1 Nd4 $132) 26. Nxc5 (26. Bxc5 bxc4 27.
Bxe7 Rxb3) 26... Bxc5 27. Bxc5 bxc4 $10) 25... c4 26. Nc1 $1 (26. Nd2 Bd8 (
26... Rca8 27. Bb6) 27. b4 cxb3 28. Nxb3 Rxc3 $14) 26... b4 (26... Rca8 27. b4
(27. Rd1 Rxa5 28. Rxa5 Rxa5 29. Rd5) 27... cxb3 28. Nxb3 $16) (26... Bd8 $6 27.
Rd1 Bxa5 (27... Rxa5 28. Rxd8+) 28. Rd7 {/\ Rb7} (28. Rd5 {Wolff} Rb8 29. b4
cxb3 30. Nxb3 Rba8 31. Bd2 $18) 28... Rb8 $2 29. Ra7 $1 Ra8 30. Rxa8+ Rxa8 31.
b4 cxb3 32. Nxb3 $18) 27. Rd1 bxc3 (27... b3 {Wolff} 28. Ra4 {><c4}) 28. bxc3
Bd8 29. Ra4 Nf8 $2 (29... Bxa5 $1 30. Rd5 Rca8 31. Rxc4 $16) 30. Rd5 f6 31. Na2
Rca8 32. Rxd8 $1 Rxd8 33. Nb4 Raa8 34. a6 Ne6 35. Nd5 Rxd5 (35... Kf7 36. Nb6
Ra7 $8 37. Nxc4 Raa8 38. Nb6 Ra7 39. Nd5 Raa8 40. a7 Rd7 41. Ra6 $1 $18) 36.
exd5 Nc7 37. d6 Nb5 38. Rb4 {!? Wolff} (38. Kd2 $1 Nxd6 39. a7 Nb5 40. Kc2 $18
(40. Ra5 $18 {Wolff})) 38... Nxc3+ (38... Nxd6 {Wolff} 39. a7 $18) 39. Kd2 Nd5
40. Rb7 c3+ 41. Kc2 Rxa6 42. Rb8+ (42. Rb8+ Kf7 43. d7 Ra2+ 44. Kb1 c2+ 45.
Kxa2 Nxe3 46. Kb2 $18) 1-0

[Event "SRB-chT Central"]
[Site "Kragujevac"]
[Date "2013.09.18"]
[Round "6.3"]
[White "Pancevski, Filip"]
[Black "Atalik, Suat"]
[Result "1/2-1/2"]
[WhiteElo "2500"]
[BlackElo "2566"]
[Annotator "Atalik,S"]
[PlyCount "114"]
[EventDate "2013.09.14"]
[EventType "team-tourn"]
[EventRounds "11"]
[EventCountry "SRB"]
[SourceTitle "CBM 158"]
[Source "ChessBase"]
[SourceDate "2014.01.16"]
[SourceVersion "1"]
[SourceVersionDate "2014.01.16"]
[SourceQuality "1"]
[WhiteTeam "Paracin"]
[BlackTeam "Kraljevo Sloga Turist"]
[WhiteTeamCountry "SRB"]
[BlackTeamCountry "SRB"]

1. e4 e5 2. Nf3 Nc6 3. Bb5 a6 4. Ba4 d6 {One of the advantages which the
Steinitz Deferred offers: White does not have any Giuoco Piano type setups
against it.} 5. c3 Bd7 6. O-O $5 {A strange move order.} (6. d4 Nge7 {I have
always thought that after this White should not castle.} 7. d5 (7. Nbd2 Ng6 8.
Nf1 Nh4 9. Nxh4 Qxh4 10. Ng3 g6 11. O-O Bh6 $14 {Petrosian-Bondarevsky,
Moscow-Leningrad (m) 1960.}) (7. Bb3 h6 8. Nbd2 (8. Nh4 exd4 9. cxd4 Nxd4 10.
Qxd4 Nc6 11. Qd5 Qxh4 12. Qxf7+ Kd8 13. Nc3 Ne5 14. Qd5 Bc6 15. Qd4 Qg4 16. Be3
Be7 17. h3 Qxg2 18. O-O-O Nf3 19. Qd3 Bg5 $13) 8... Ng6 9. Nc4 Be7 10. Ne3 Bg5
11. O-O (11. Nxg5 $6 hxg5 12. g3 exd4 $1 13. cxd4 Kf8 $1 14. O-O (14. Nd5 Bh3)
14... Qf6 15. Nd5 Qxd4 16. Nxc7 (16. Be3 Qxe4 17. Nxc7 Nge5 $19) (16. Qe2 Nge5
$19) 16... Nge5 17. Nxa8 Bg4 $19) 11... Bxe3 12. Bxe3 O-O 13. Nd2 Qf6 $13 (
13... Na5 14. Bc2 Bb5 15. Re1 Nc4 16. Nxc4 Bxc4 $14)) (7. Be3 f5 $1 (7... Ng6
8. h4 Be7 9. g3 h6 10. Nbd2 Bf6 (10... exd4 11. cxd4 d5 12. e5) 11. d5 Nce7 (
11... Nb8 12. c4 b6 13. b4 a5 14. Bxd7+ Nxd7 15. a3 O-O 16. O-O) 12. Bxd7+ Qxd7
13. c4 c5 $14) 8. d5 (8. dxe5 Nxe5 9. Nxe5 dxe5 10. exf5 Nxf5 $132) 8... Na5
$13) 7... Nb8 8. c4 Ng6 9. h4 Be7 10. g3 (10. h5 Nh4 11. Nxh4 Bxh4 12. Bxd7+
Nxd7 13. Qg4 Bf6 14. Nc3 h6 $11) 10... h6 11. Nc3 Bf6 $14) 6... Nge7 (6... Nce7
$6 7. Bb3 (7. d4 Ng6 8. Bb3) 7... Ng6 8. d4 $16) 7. d4 Ng6 (7... h6 {What
about the regular push with g5?} 8. Nbd2 (8. Be3 Ng6 9. Nbd2 Be7 10. Re1 Bg5
11. Nf1 Bxe3 12. Nxe3 O-O 13. g3 Re8 14. d5 Nce7 $14) (8. Re1 Ng6 $13 (8... g5
9. dxe5 dxe5 10. Nbd2 Ng6 11. Nf1 Qf6 12. Ne3 O-O-O $40)) 8... g5 {looks
primitive but playable.} 9. dxe5 dxe5 10. Re1 Ng6 11. Nf1 Qf6 12. Ne3 O-O-O 13.
Nd5 Qg7 $13) 8. Re1 Be7 9. Nbd2 O-O ({After this game I am for} 9... h6 $5 10.
Nf1 Bg5 11. Be3 $5 (11. Ne3 Bxe3 12. Bxe3 O-O $14) (11. Ng3 Bxc1 12. Rxc1 O-O
13. Nf5 Re8 (13... Qf6 14. Ne3) 14. g3 Qf6 15. Ne3 Nf8 $132) 11... Nh4 $5 (
11... Bxe3 12. Nxe3 O-O $14)) 10. Nf1 Nh4 11. Nxh4 Bxh4 12. Be3 (12. Ne3 Bg5
13. Nd5 Bxc1 14. Rxc1 Be6 15. Ne3 Ne7 $14) 12... Re8 (12... exd4 $5 13. cxd4
Re8 14. Bc2 $14) 13. Bc2 Bg5 14. Qd2 Bxe3 15. Nxe3 Qg5 16. Rf1 $5 $146 {
Everything so far has been played before; only this move is a novelty.} (16.
Rad1 Ne7) 16... Ne7 (16... Qf4 $5) 17. dxe5 Qxe5 18. f4 Qc5 19. Qd4 $1 $16 (19.
f5 $2 Nxf5) 19... Qa7 $1 (19... Qxd4 20. cxd4 $16) 20. Rad1 (20. f5 Nc6 21. Qd2
Ne5 $132) 20... Bc6 21. Qxa7 $6 {For some reason my young opponent started to
exchange as much as he could from this moment on.} (21. f5 Nc8 22. Rf4 $16)
21... Rxa7 22. Rfe1 (22. e5 dxe5 23. fxe5 Raa8 (23... Ng6 24. Bb3 Nxe5 25. Ng4
$16) 24. Bb3 Rf8 25. e6 fxe6 26. Bxe6+ Kh8 $11) 22... Raa8 23. g3 (23. Nc4 Bb5
(23... b6 24. e5) 24. Ne3 Kf8 $14) 23... Kf8 24. Kf2 Ng8 25. Nd5 Rac8 (25...
Bxd5 26. Rxd5 Nf6 27. Rd4 Re7 $14) 26. Rd2 Nf6 $1 {I had already used such a
strategy against GM Schlosser in the 90s.} 27. Nxf6 gxf6 28. e5 $6 {Meek but
still works.} (28. h4 h6 $11) {I could have drawn with} 28... fxe5 $5 ({
I could have drawn with} 28... dxe5 $5 29. fxe5 Kg7 30. exf6+ Kxf6 31. Rd4 Rxe1
32. Kxe1 h6 $11) 29. fxe5 Rxe5 30. Rxe5 dxe5 31. Bxh7 Ke7 32. Bf5 Rh8 33. Ke3 (
33. h4 Kf6 34. Bh3 Rg8 35. g4 Ke7 $13) 33... Rh5 34. Rf2 Bd5 35. b4 $5 Be6 36.
Bd3 f5 (36... b5 $5 37. h4 f5 38. Rf1 $11) 37. a4 Kd6 38. a5 Bc8 (38... c5 $6
39. Rd2 Kc6 40. Be2 {worried me}) (38... f4+ 39. gxf4 Rh3+ 40. Rf3 exf4+ 41.
Kxf4 Rxh2 42. Ke3 $11) 39. Bf1 b6 40. Rd2+ Ke7 41. axb6 cxb6 42. Ra2 b5 43. c4
$1 $11 {With his last move White has succeeded in equalising from a better
position!} Be6 44. Rxa6 bxc4 (44... Bxc4 45. Bxc4 bxc4 46. h4 $11) 45. h4 f4+
46. Kf2 fxg3+ 47. Kxg3 e4 48. Rc6 (48. Be2 Rh8) 48... Kd7 49. b5 Bd5 (49...
Rxb5 50. Rxe6 Kxe6 51. Bxc4+ Kf6 52. Bxb5 $11) 50. Rc5 $1 {This is even more
exact} ({compared to} 50. Bh3+ Ke7 51. Rc8 e3 (51... Rh6 52. Bf1 $11) 52. Bf1
$11) 50... Kd6 51. Rc8 e3 52. Bxc4 {This terminates the game} ({but} 52. b6 Rh7
(52... Re5 53. Be2 Re7 54. h5 Be6 55. Rc7 Rxc7 56. bxc7 Kxc7 57. h6 c3 58. Bd3
Bg8 $11) 53. Bxc4 Rg7+ 54. Kf4 Bxc4 55. Rxc4 Re7 56. Rc1 e2 57. Re1 Kc6 58. h5
Kxb6 59. h6 Kc6 60. Kg5 Kd7 61. Kg6 Re6+ $11 {is just another draw.}) 52...
Bxc4 53. Rxc4 Rxb5 54. Re4 Re5 55. Rxe5 Kxe5 56. Kf3 Kf5 57. Kxe3 Kg4 1/2-1/2

[Event "EU-chT (Men) 15th"]
[Site "Gothenburg"]
[Date "2005.08.04"]
[Round "6.3"]
[White "Motylev, Alexander"]
[Black "Timman, Jan H"]
[Result "0-1"]
[WhiteElo "2675"]
[BlackElo "2625"]
[Annotator "Erenburg,S"]
[PlyCount "86"]
[EventDate "2005.07.30"]
[EventType "team-swiss"]
[EventRounds "9"]
[EventCountry "SWE"]
[SourceTitle "CBM 109"]
[Source "ChessBase"]
[SourceDate "2005.11.14"]
[SourceVersion "1"]
[SourceVersionDate "2005.11.14"]
[SourceQuality "1"]
[WhiteTeam "Russia"]
[BlackTeam "Netherlands"]
[WhiteTeamCountry "RUS"]
[BlackTeamCountry "NED"]

{[%mdl 4232]} 1. e4 e5 2. Nf3 Nc6 3. Bb5 a6 4. Ba4 d6 5. O-O {Other
theoretical lines are:} (5. c3 f5 6. d3 Nf6 {0-1 Nazarov,N-Yandemirov,V/Tomsk
2004/CBM 102/[Atlas,V] (19)}) (5. d4 b5 6. Bb3 Nxd4 7. Nxd4 exd4 8. c3 {
1-0 Dobrov,V-Silivanov,S/St Petersburg 2004/CBM 102/[Atlas,V] (19)}) 5... Bd7 {
Another possibility is:} (5... Bg4 6. h3 h5 {1-0 Shirov,A-Sokolov,I/Wijk aan
Zee 2004/CBM 99/[Wedberg] (26)}) 6. c3 Nge7 {transfering the knight to g6.} (
6... g6 7. d4 Bg7 8. Re1 Nge7 9. dxe5 dxe5 10. Nbd2 O-O 11. Nf1 b5 12. Bc2 {
1/2-1/2 Neubauer,M-Thorfinnsson,B/Antalya 2004/CBM 101/[Mueller,Karsten] (64)})
7. d4 Ng6 8. d5 {occupying some space and changing light-squared bishops.} Nb8
9. c4 {strengthening the centre, and, preparing the c3 square for the
queenside knight.} (9. Bc2 $6 Be7 10. h3 $6 h6 11. c4 Bg5 12. Nbd2 a5 $1 {
0-1 Shirov,A-Lautier,J/Dos Hermanas 1995/CBM 047/[Lautier] (41) /\ Na6-c5}) (9.
Bxd7+ Nxd7 10. c4 Be7 11. Nc3 h6 12. a3 Bg5 13. Nxg5 hxg5 14. g3 Qf6 15. b4 Nf4
16. Ra2 Qg6 17. f3 Nh3+ 18. Kh1 g4 19. fxg4 Nf6 20. Qf3 Nxg4 21. c5 Nf6 22. Rc2
Rh5 23. Be3 {1/2-1/2 Van der Wiel,J-Tkachiev,V/Cannes 1999/CBM 074 (23)}) 9...
Be7 (9... a5 10. Be3 Be7 11. Nc3 O-O 12. Bc2 Na6 13. a3 h6 14. Rb1 Bg5 15. Nxg5
hxg5 16. b4 $14 {Marinkovic,S-Vasiljevic,D/Beograd II (12)/1990/1-0 (37)}) 10.
Nc3 h6 {[%cal Ye7g5] Black doesn't hurry with the castle, but first prepares
to change his passive dark-squared bishop. It should be noted, that black's
typical counterplay in this position should be carrying out f7-f5 advance, so,
h7-h6 covers the g5 square.} ({Less flexible is} 10... O-O 11. Be3 f5 12. Bxd7
Qxd7 13. b4 a5 $6 14. exf5 $14 {1-0 Poluljahov,A-Lazic,M/Podgorica 1993/CBM
036/[Wedberg] (29)}) 11. b4 {preparing an attack on black's queenside, as well
as preparing the c1-a3 diagonal for the dark-squared bishop. In this way white
avoids an exchange of dark-squared bishops.} (11. Be3 Bg5 12. Re1 Bxe3 13. Rxe3
O-O 14. Rc1 a5 $10 {1/2-1/2 Trifunovic,P-Keres,P/JUG-URS 1956/MCD-ma (19)}) (
11. Bxd7+ Qxd7 $6 12. Be3 O-O 13. b4 f5 14. Rc1 fxe4 15. Nd2 a5 16. a3 axb4 17.
axb4 Qf5 18. Ndxe4 $16 {1-0 Gofshtein,L-Elbilia,J/Tel Aviv 1998/CBM 065/
[Wedberg] (34)}) 11... a5 $146 {According to my database this position
appeared for the first time. In the preceding game black prefered} (11... O-O
12. Be3 Bxa4 13. Nxa4 Nd7 14. c5 Nf6 15. Nd2 Rc8 16. Rc1 Nf4 17. g3 Ng6 18. f3
Nd7 19. c6 $16 {1/2-1/2 Bokros,A-Mahdi,K/Austria 2002/CBM 091 ext (36)}) (11...
Bg5 {is met by} 12. Bb2 {[%cal Yc4c5]}) 12. a3 O-O {After black castled white
isn't worry about black's Bg5 anymore.} 13. Be3 Bxa4 ({In case of} 13... Bg5
14. Nxg5 hxg5 15. c5 {and black doesn't have a pressure along the "h" file.})
14. Nxa4 ({Worth consideration:} 14. Qxa4 $5 Nd7 15. Qb5 Qc8 16. bxa5 c6 17.
Qb4 Bd8 18. dxc6 $16) 14... Nd7 ({In positions with such a pawn structure
black should prepare the f7-f5 advance with preliminary g7-g6, in order to
take on f5 with the pawn. Otherwise, white will occupy the e4 stronghold.} 
14... f5 15. exf5 Rxf5 16. Nd2 $16 {[%cal Yd2e4]}) 15. c5 $14 axb4 16. axb4 Nh4
{Black is suffering from lack of space, therefore, he changes the pieces.} 17.
Nxh4 Bxh4 {Now black is planning to change the dark-squared bishops from the
g5 square.} 18. f3 {preparing a shelter (the f2 square) for the dark-squared
bishop.} Bg5 19. Bf2 f5 20. c6 {White's idea is typical for such type of pawn
structures- to force black to take on c6, thus, getting a central d5 square.} (
{White gets a slightly better position after} 20. exf5 $5 Rxf5 21. Nc3 Rxa1 22.
Qxa1 Bf4 23. Ne4 $14) 20... fxe4 $1 {[%mdl 512]} (20... bxc6 {leads to
unpleasant position for black:} 21. dxc6 Nb8 (21... Nf6 22. h4 $16) 22. Qd5+
Kh8 23. b5 $16 (23. Nc3 $16)) 21. cxd7 $2 {This continuation leads to unclear
consequences. Better was not to change the character of the struggle with} (21.
fxe4 Nf6 (21... bxc6 22. dxc6 Nb8 (22... Nf6 23. h4 Bf4 24. g3 Nxe4 25. Qd5+
$18) 23. b5 $16) 22. cxb7 Rb8 23. Nc3 {[%cal Gh2h4]} (23. h4 Bf4 24. g3 Nxe4
25. gxf4 Rxf4 $13) 23... h5 $1 (23... Rxb7 24. h4 Bf4 25. g3 Qd7 26. gxf4 Qh3
27. Be1 Ng4 28. Qe2 $18) (23... Qd7 24. Ra7 (24. h4 Bf4 25. g3 Qh3 $132) 24...
Ng4 25. Qe2 Rxf2 26. Rxf2 Be3 27. Ra8 $18) 24. Qd3 (24. Ra7 Ng4 25. Qe2 Rxf2
26. Rxf2 Be3 $19) 24... Rxb7 25. b5 $14) 21... exf3 22. gxf3 Qxd7 $44 {[%cal
Yb7b5] Now black has two pawns for the knight, white's pawns are very weak,
and his pieces are discoordinated. All these factors promise black a
sufficient compensation.} 23. Kg2 {covering the h3 square.} (23. Qb3 Bf4 $44) {
[%tqu "En","Please find the best move for black.","","","e5e4","",10]} 23... e4
$1 {opening the long diagonal for a dark-squared bishop. This key move should
have been seen before white played 20.cxd7. I guess, Alexander understimated
this move in his calculations.} 24. fxe4 Bf6 25. Ra2 b5 {winning the knight
back.} 26. Nc5 dxc5 27. Rxa8 Rxa8 28. bxc5 (28. Bxc5 Be5 $11) 28... Re8 {
White has three strong pawns in the centre, but his king position is
vulnerable and black's passed "b" pawn can be very dangerous. I would evaluate
this position as approximately equal.} 29. Re1 Bc3 30. Re3 b4 31. Bg3 $2 {
White should have fixed black's pawn on c7 with} (31. c6 Qf7 32. Bg3 Qg6 $13)
31... c6 $1 {Black blocades white's pawns on the light squares. Now black's
prospects are better.} 32. Qa4 {creating a pin.} Rc8 33. d6 Qe6 {[%cal Yc3d4]}
34. Qd1 {covering the d4 square.} (34. Re2 $2 Qc4 35. Qa2 $4 b3 $19) 34... Ra8
35. e5 (35. Qd3 {loses, in view of the following variation:} Ra2+ 36. Re2 Rxe2+
(36... b3 $141 $4 37. Rxa2 bxa2 38. Qxc3 Qxe4+ 39. Kf2 {[%cal Yg3e5]} Qf5+ 40.
Ke3 $18) 37. Qxe2 b3 38. Qd3 b2 39. d7 Bf6 40. d8=Q+ Bxd8 41. Qxd8+ Kh7 42. Qd3
Qa2 43. e5+ Kh8 44. Qd8+ Qg8 45. Qb6 Qd5+ $19) (35. Re2 {is met by} b3) 35...
Ra2+ {[%cal Ya2d2]} 36. Re2 $2 {White is lost after this move.} ({Last chance
was} 36. Bf2 Qg6+ (36... Rd2 $17) 37. Rg3 Qe4+ 38. Qf3 Qxe5 39. d7 Qd4 40. Qf5
Rxf2+ 41. Qxf2 Qxd7 $17) 36... b3 $19 {Black's passed pawn becomes unstoppable.
} 37. Rxa2 {Other continuations don't change anything:} (37. Rf2 Ra7 {[%cal
Yb3b2]} 38. Rf3 b2 39. Rxc3 Qa2 40. Qb3+ Kh8 41. Qb8+ Kh7 $19) (37. d7 Rxe2+
38. Kg1 (38. Qxe2 Qxd7 39. e6 (39. Qc4+ Qd5+ $19) 39... Qd5+ 40. Qf3 b2 $19)
38... Ba5 39. Qxe2 Qxd7 40. e6 Qd2 41. Qe4 Qc2 $19) 37... bxa2 38. d7 Ba5 39.
d8=Q+ (39. Qd4 {loses as well:} Kf7 $1 (39... Bd8 40. Be1 {[%cal Ye1c3] and
probably white would be able to achieve draw.}) (39... Qd5+ $2 40. Qxd5+ cxd5
41. e6 a1=Q 42. e7 Qb2+ 43. Bf2 $18) 40. Be1 $1 Bc7 41. Bc3 Ke7 $19) (39. Be1
Qg6+ 40. Kh3 Qf5+ 41. Kg2 Qe4+ 42. Kh3 Bd8 $19) 39... Bxd8 40. Qxd8+ Kh7 {
Black is going to get the second queen, so, the rest needs no comment.} 41. Qa5
(41. Qd4 Qd5+ $19) (41. Qd3+ Qg6 42. Qd4 Qb1 $19) 41... Qb3 42. Bf2 (42. e6
Qb2+ {[%cal Ya2a1]}) 42... Qd5+ (42... Qb2 43. Qa6 {[%cal Ya6d3]} Qc2 $19 {
[%cal Yc2e4]} (43... a1=Q 44. Qd3+ Kg8 45. Qd8+ Kf7 46. Qd7+ $11)) 43. Kh3 Qf3+
{promoting another queen.} (43... Qf3+ 44. Bg3 (44. Kh4 g5#) 44... Qf1+ $19 {
[%cal Ya2a1]}) 0-1

[Event "Lazne Bohdanec"]
[Site "Lazne Bohdanec"]
[Date "1994.??.??"]
[Round "8"]
[White "Haba, Petr"]
[Black "Keitlinghaus, Ludger"]
[Result "1-0"]
[WhiteElo "2475"]
[BlackElo "2510"]
[Annotator "Ftacnik,L"]
[PlyCount "63"]
[EventDate "1994.02.??"]
[EventType "tourn"]
[EventRounds "11"]
[EventCountry "CZE"]
[EventCategory "10"]
[SourceTitle "CBM 040"]
[Source "ChessBase"]
[SourceDate "1994.06.01"]
[SourceVersion "1"]
[SourceVersionDate "1994.06.01"]
[SourceQuality "1"]

1. e4 e5 2. Nf3 Nc6 3. Bb5 a6 4. Ba4 Nge7 5. c3 d6 6. d4 Bd7 7. d5 Nb8 8. c4
Ng6 9. Nc3 Be7 10. Be3 O-O 11. O-O a5 12. a3 Bg4 $6 (12... Na6) 13. h3 Bxf3 $6
14. Qxf3 f5 15. exf5 Nh4 16. Qg4 Nxf5 17. Bc2 g6 (17... Nxe3 18. fxe3 Nd7 19.
Rxf8+ Nxf8 20. Ne4 $36) 18. Bxf5 $1 Rxf5 19. Ne4 Nd7 20. Qe2 $1 Rf8 (20... Nf6
$2 21. Ng3 $16) 21. b4 b6 (21... Nf6 22. Ng5 $16) 22. Bd2 axb4 $6 (22... a4 {
xa4}) 23. axb4 Re8 24. Qg4 $1 Rxa1 (24... Nf6 25. Qe6+ Kg7 26. Rxa8 Qxa8 27.
Ng5 Bd8 28. Qf7+ Kh8 29. Ne4 $18) 25. Rxa1 Kg7 26. Qd1 $1 h6 27. Qa4 Nf6 28.
Nc3 $1 Rf8 29. Qc6 Qc8 30. Be3 Rf7 (30... Bd8 31. Nb5 Nd7 32. Nxd6 $18) 31. Nb5
Bf8 32. Ra8 (32. Ra8 Qd7 33. Qxd7 Rxd7 34. Rc8 $18) 1-0

[Event "Dortmund SuperGM 24th"]
[Site "Dortmund"]
[Date "1996.07.08"]
[Round "4"]
[White "Leko, Peter"]
[Black "Huebner, Robert"]
[Result "1/2-1/2"]
[WhiteElo "2630"]
[BlackElo "2595"]
[Annotator "Hecht,H"]
[PlyCount "93"]
[EventDate "1996.07.05"]
[EventType "tourn"]
[EventRounds "9"]
[EventCountry "GER"]
[EventCategory "18"]
[SourceTitle "CBM 054"]
[Source "ChessBase"]
[SourceDate "1996.10.01"]
[SourceVersion "1"]
[SourceVersionDate "1996.10.01"]
[SourceQuality "1"]

1. e4 e5 2. Nf3 Nc6 3. Bb5 a6 4. Ba4 d6 5. c3 Bd7 6. d4 Nf6 7. Nbd2 g6 8. O-O
Bg7 9. Bxc6 Bxc6 10. dxe5 dxe5 11. Nxe5 Bxe4 12. Nxe4 Qxd1 13. Nxf6+ Bxf6 14.
Rxd1 Bxe5 15. Bh6 Bd6 16. Bg7 Rg8 17. Bf6 Kd7 18. Be5 Rge8 19. Bxd6 cxd6 {
[#] Doppelturmendspiel mit schwarzer leicht zu verteidigender B-Schwäche d6;
ab Zug 38 T-T bei 3-3 B am K-Flügel mit vertikal abgeschnittenem sK, aktiver
sT hält remis. Analyse B-Endspiel bei T-Tausch Zug 38} 20. Rd2 Rac8 21. Rad1
Re6 22. Rd4 Rc5 23. g3 b5 24. Kg2 h5 25. R1d2 Rce5 26. h4 Kc6 27. a4 a5 28.
axb5+ Rxb5 29. b4 Kd7 30. Kf3 axb4 31. cxb4 Ke7 32. Ra2 Ree5 33. Ra6 Re1 34.
Raxd6 Rxb4 35. Rd7+ Ke8 36. Rd8+ Ke7 37. Rxb4 Kxd8 38. Re4 {[#]} Ra1 (38...
Rxe4 39. Kxe4 {[#] Variantendiagramm} Ke7 40. Ke5 f6+ (40... Kd7 $2 41. Kf6 Ke8
42. f4 Kf8 43. f5 gxf5 44. Kxf5 $18 {[%csl Rh5]}) 41. Kd5 Kd7 42. f3 Ke7 $10 (
42... g5 43. f4 gxh4 44. gxh4 Ke7 $10)) 39. Kf4 Rf1 40. f3 Kd7 41. Re2 f6 42.
Re4 Rh1 43. Re2 Rf1 44. Ra2 Ke7 45. Ra7+ Kf8 46. Ra6 Kf7 47. Ra7+ 1/2-1/2